Composition of Saline residues on leaves and stems of Saltcedar (Tamarix Pentandra Pallas) /

Bibliographic Details
Main Author: Hem, John David, 1916-
Format: Government Document Book
Language:English
Published: Washington : U.S. Government Printing Office, 1967.
Series:Geological Survey professional paper ; 491-C.
Studies of evapotranspiration.
Geological Survey professional paper.

MARC

Tag First Indicator Second Indicator Subfields
LEADER 00000cam a2200000Ma 4500
001 in00002783660
005 20151202171833.0
008 100511s1967 dcu 000 0 eng d
035 |a (OCoLC)ocn613378569 
035 |a (OCoLC)613378569 
040 |a I8H  |b eng  |c I8H  |d UtOrBLW 
049 |a TXAM 
086 |a I 19.16:491-C 
100 1 |a Hem, John David,  |d 1916- 
245 1 0 |a Composition of Saline residues on leaves and stems of Saltcedar (Tamarix Pentandra Pallas) /  |c by John D. Hem. 
264 1 |a Washington :  |b U.S. Government Printing Office,  |c 1967. 
300 |a iii, 9 pages :  |b illustrations ;  |c 28 cm. 
336 |a text  |b txt  |2 rdacontent 
337 |a unmediated  |b n  |2 rdamedia 
338 |a volume  |b nc  |2 rdacarrier 
490 1 |a Geological Survey professional paper ;  |v 491-C 
490 1 |a Studies of evapotranspiration 
830 0 |a Geological Survey professional paper ;  |v 491-C. 
830 0 |a Studies of evapotranspiration. 
830 0 |a Geological Survey professional paper. 
948 |a cataloged  |b h  |c 2012/12/13  |d c  |e mvaldespin  |f 10:55:27 am 
994 |a C0  |b TXA 
999 |a MARS 
999 f f |s b3539e4d-0eee-3610-9c21-281316fd4c15  |i e11166bf-48f6-3c3c-8a5c-0bb6362e8cae  |t 0 
952 f f |p normal  |a Texas A&M University  |b College Station  |c Sterling C. Evans Library  |d Evans: US Documents (Annex 5th floor)  |t 0  |e I 19.16:491-C  |h Superintendent of Documents classification  |i unmediated -- volume  |m A14839365442 
998 f f |a I 19.16:491-C  |t 0  |l Evans: US Documents (Annex 5th floor)